header

Surgery at a glance (Record no. 76952)

MARC details
000 -LEADER
fixed length control field 01444nam a2200361 a 4500
082 04 - DEWEY DECIMAL CLASSIFICATION NUMBER
Classification number 617/.9
100 1# - MAIN ENTRY--AUTHOR NAME
Personal name Grace, P. A.
245 10 - TITLE STATEMENT
Title Surgery at a glance
250 ## - EDITION STATEMENT
Edition statement 5th ed.
260 ## - PUBLICATION, DISTRIBUTION, ETC. (IMPRINT)
Place of publication Chichester :
Name of publisher Wiley-Blackwell,
Year of publication 2013.
300 ## - PHYSICAL DESCRIPTION
Number of Pages 207 p. :
Other physical details col. ill.
505 0# - FORMATTED CONTENTS NOTE
Formatted contents note pt. 1. Clinical presentations at a glance -- pt. 2. Surgical diseases at a glance.
650 #0 - SUBJECT ADDED ENTRY--TOPICAL TERM
Topical Term Diagnosis, Surgical
Topical Term Operations, Surgical
Topical Term Surgery
700 1# - ADDED ENTRY--PERSONAL NAME
Personal name Borley, Neil R.
856 40 - ELECTRONIC LOCATION AND ACCESS
Uniform Resource Identifier http://site.ebrary.com/lib/rucke/Doc?id=10657552

No items available.

© 2026 Rongo University
Contact us: librarian | system librarian | Rongo university